00882nam a2200265Ia 450000100060000000300090000600800410001504000130005604000130006904100130008210000290009510000290012424000650015324000350021824500640025324500640031725000110038126000110039226000260040326000490042930000410047850000420051965000240056165000310058541877IT-RoPAU130308s9999 xx 000 0 und d aIT-RoPAU cIT-RoPAU aITALIANO aLotman Jurij Michajlovic gCodice Aut. SPICS: 4492 aKUL'TURA KAK KOLLEKTIVNYJ INTELLEKT I PROBLEMY ISKUSSTVENNOG gCodice Tit. Orig. Spics: T0182 aCultura come mente collettiva e i problemi della... (D. 66) bCultura Come Mente collettiva e I Problemi Della... (D. 66) a1a ed. aITALIA bUniversita' Di Urbino c1977 [1° Ed.:1977 - Ed.Ling.Originale:1977] a"20 p. (prefazione: no ; testo: 20)" aIntelligenza Artificiale Atto Mentale aSAGGI DI SEMIOLOGIA eCodice materia Spics: 3257